| 000 | 00622nam a22002297a 4500 | ||
|---|---|---|---|
| 003 | OSt | ||
| 005 | 20140311161020.0 | ||
| 008 | 130205t xxu||||| |||| 00| 0 eng d | ||
| 020 | _a9712300862 | ||
| 050 |
_aLB 1423 _b.L322 2002 |
||
| 100 | _aLardizabal, Amparo S. | ||
| 245 |
_aFoundation and education : _b(psychological, sociological and anthropological) / _cLardizabal, Amparo S. |
||
| 260 |
_aManila : _bRex Book Store, _c2002. |
||
| 300 |
_a185 p. : _c23 cm. |
||
| 521 | _aEDU | ||
| 526 | _c1210L-1700L | ||
| 562 | _e2 | ||
| 650 | _aEducation | ||
| 942 |
_2lcc _cBK _kLOC |
||
| 999 |
_c17846 _d17846 |
||